000 02937nam a22002657a 4500
008 250121b |||||||| |||| 00| 0 eng d
020 _a9788496729155
040 _ctbs
041 _aspa
041 _heng
050 _aHB501
_b.F7518 2008
100 _aFriedman, Milton
_d1912-2006
_924566
_eauthor
240 _aFree to choose.
_lSpanish.
245 _aLibertad de elegir
_c/ Milton Friedman, Rose Friedman ; translated by Carlos Rocha Pujol.
260 _aMadrid :
_bEditorial Fundación FAES,
_c2008.
300 _a485 pages ; 24 cm.
520 _aLibertad de elegir es más que reeditar un clásico. Es un homenaje a la sencillez y a la eficacia con las que Milton Friedman explicaba y defendía las mejores ideas, que son las ideas de la libertad. Es una invitación a las generaciones más jóvenes a conocer, sin intermediarios ni prejuicios, cómo y por qué Friedman argumenta que «la libertad garantiza la posibilidad de que los desfavorecidos de hoy sean los privilegiados de mañana». Reeditar Libertad de elegir significa también compartir con Friedman afirmaciones como la siguiente: «Nuestra sociedad es lo que hacemos de ella. Podemos diseñar nuestras instituciones. Nada nos impide, si lo deseamos, edificar una sociedad que preserve y estimule la libertad humana, que sepa mantener el lugar del Estado, y convertirlo en nuestro servidor y no en nuestro amo». Esta reedición es también un tributo a quien explicó, mejor que nadie, los errores en política económica que llevaron a la Gran Depresión; y a quien ofreció medidas atrevidas a favor de los más débiles como el impuesto negativo sobre la renta o el bono escolar.
520 _aFreedom to Choose is more than a reissue of a classic. It is a tribute to the simplicity and effectiveness with which Milton Friedman explained and defended the best ideas—the ideas of freedom. It is an invitation to younger generations to discover, without intermediaries or prejudice, how and why Friedman argues that "freedom ensures the possibility for today's disadvantaged to become tomorrow's privileged." Reissuing Freedom to Choose also means sharing Friedman's assertions, such as: "Our society is what we make of it. We can design our institutions. Nothing prevents us, if we so desire, from building a society that preserves and fosters human freedom, one that knows how to keep the role of the State in check, making it our servant rather than our master." This reissue is also a tribute to the man who explained, better than anyone, the economic policy mistakes that led to the Great Depression; and who proposed bold measures in favor of the most vulnerable, such as the negative income tax and school vouchers.
650 0 _aCapitalism
_95206
650 0 _aWelfare state
_924567
650 0 _aIndustrial policy
_94115
700 _aFriedman, Rose D.
_924568
_eauthor
700 _aRocha Pujol, Carlos
_924569
_etranslator
942 _2lcc
999 _c4468
_d4468